Normal view MARC view

Entry Nombre personal

Number of records used in: 3

001 - NÚMERO DE CONTROL

  • campo de control: 131774

003 - IDENTIFICADOR DE NÚMERO DE CONTROL

  • campo de control: SpMaBN

005 - FECHA Y HORA DE LA ÚLTIMA TRANSACCIÓN

  • campo de control: 20230627135214.0

008 - ELEMENTOS DE DATO DE LONGITUD-FIJA

  • campo de control de longitud fija: 960722nn aijnnaabn a aaa

016 ## - NÚMERO DE CONTROL DE UNA AGENCIA BIBLIOGRÁFICA NACIONAL

  • Número de control del registro: BNE19990071479

024 7# - IDENTIFICADOR DE OTROS ESTÁNDARES

  • Número estándar o código: http://www.wikidata.org/entity/Q11928892
  • Fuente: wikidata

024 7# - IDENTIFICADOR DE OTROS ESTÁNDARES

  • Número estándar o código: http://viaf.org/viaf/63395515/
  • Fuente: viaf

024 7# - IDENTIFICADOR DE OTROS ESTÁNDARES

  • Número estándar o código: https://isni.org/isni/0000000059388143
  • Fuente: isni

040 ## - FUENTE DE CATALOGACIÓN

  • Centro catalogador/agencia de origen: SpMaBN
  • Lengua de catalogación: spa
  • Centro/agencia transcriptor: SpMaBN
  • Normas de descripción: rdc
  • Convención/Normas de encabezamiento de materia/tesauro: embne

046 ## - FECHAS CON CODIFICACIÓN ESPECIAL

  • Fecha de nacimiento: 1852
  • Fecha de la muerte: 1912

100 1# - ENCABEZAMIENTO-NOMBRE DE PERSONA

  • Nombre de persona: Ribera y Sans, José,
  • Fechas asociadas al nombre: 1852-1912

370 ## - LUGAR ASOCIADO

  • Lugar de nacimiento: Tivisa
  • Número de control del registro de autoridad o número normalizado: XX455593
  • Fuente de información: Wikidata

373 ## - GRUPO ASOCIADO

  • Grupo asociado: Real Academia Nacional de Medicina
  • Fuente de información: Wikidata

373 ## - GRUPO ASOCIADO

  • Grupo asociado: Ateneo de Madrid
  • Fuente de información: Ateneístas ilustres I (2004)

374 ## - OCUPACIÓN

  • Ocupación: Médicos
  • Fuente de información: Wikidata

375 ## - GÉNERO/SEXO

  • Género: Masculino
  • Fuente de información: Wikidata

377 ## - IDIOMA ASOCIADO

  • Término de lengua/lenguaje: Catalán

400 1# - TRAZADO DE VÉASE--NOMBRE DE PERSONA

  • Nombre de persona: Ribera i Sans, José,
  • Fechas asociadas al nombre: 1852-1912

400 1# - TRAZADO DE VÉASE--NOMBRE DE PERSONA

  • Nombre de persona: Rivera i Sans, José,
  • Fechas asociadas al nombre: 1852-1912

670 ## - FUENTE DE DATOS ENCONTRADOS

  • Cita de la fuente: Elementos de Patología quirúrgica general, 1900
  • Información encontrada: port. (José Ribera y Sans)

670 ## - FUENTE DE DATOS ENCONTRADOS

  • Cita de la fuente: Dos escuelas de cirugía: Madrid y Barcelona, 2003
  • Información encontrada: port. (Rivera i Sans)

670 ## - FUENTE DE DATOS ENCONTRADOS

  • Cita de la fuente: Médicos españoles del siglo XX, 2003
  • Información encontrada: (José Ribera i Sans; n. 18-09-1852, Tivissa, Tarragona, m. 8-01-1912, Madrid; urólogo)

670 ## - FUENTE DE DATOS ENCONTRADOS

  • Cita de la fuente: WWW BN España aut., 26/06/2023
  • Información encontrada: (Ribera y Sans, José, 1852-1912)

678 ## - DATOS BIOGRÁFICOS O HISTÓRICOS

  • Datos biográficos o históricos: Socio del Ateneo de Madrid
  • Ampliación de la nota: Fuente: Ateneístas ilustres I (2004)